000 00585 a2200169 4500
003 NUST
005 20221207172034.0
040 _cNust
082 _a297,ISL
100 _aKhurshid Ahmad
245 _aIslam its Meaning and Message /
_cEdited by Khurshid Ahmad ,Salem Azzam
260 _alondon
_bThe islamic foudation
_c1976
300 _a279 p.:
505 _aPart-I The Islamic outlook on life (Page-21), Part-II The Prophet and the Quran (Page-59), Part-III The Islamic system (Page-101), Part-IV Islam and the world (Page-199).
650 _aislam
942 _2ddc
_cBK
_k297,ISL
999 _c194122
_d194122